El organismo humano : salud y enfermedad /

Guardado en:
Autor Principal: Suárez, Hilda
Formato: Libro
Publicado: Buenos Aires : Longseller, 2002
Series:Biología
Materias:
Etiquetas: Agregar Etiqueta
Sin Etiquetas, Sea el primero en etiquetar este registro!
LEADER 01277nam a22003975a 4500
001 CEM.cems018514
005 20151109112502.0
008 130507s2002##################000#0#####d
003 CEMS
020 |a 9875501344 
082 0 4 |a 574 
100 1 |a Suárez, Hilda 
245 1 0 |a El organismo humano :  |b salud y enfermedad /  |c Hilda Suárez y Débora Frid 
260 |a Buenos Aires :  |b Longseller,  |c 2002 
300 |a 95 p. 
490 0 |a Biología 
505 0 |a Las defensas del cuerpo humano -- Salud y medio ambiente -- Salud y estilos de vida -- Salud y características del orgnismo -- Salud y atención sanitaria 
653 |a Salud 
653 |a Enfermedad 
653 |a Cuerpo humano-defensas 
653 |a Transfusiones 
653 |a Transplantes 
653 |a Prevención 
653 |a Alimentacion 
653 |a Medio ambiente y salud 
653 |a Fenilcetonuria 
653 |a Enfermedades hereditarias 
653 |a Herencia 
653 |a Sistema inmunitario 
653 |a Diabetes 
653 |a Cáncer 
653 |a Ateroesclerosis 
653 |a Acciones sanitarias 
653 |a Argentina-salud pública 
859 |a CEMS  |b BIB. CEMS - Agricultura  |h 574  |i Su123-3  |p A0530.04  |t Ej.1 
859 |a CEMS  |b BIB. CEMS - Agricultura  |h 574  |i Su123-3  |p A0663.07  |t Ej.2